<?xml version="1.0" encoding="UTF-8"?>
<record
    xmlns:xsi="http://www.w3.org/2001/XMLSchema-instance"
    xsi:schemaLocation="http://www.loc.gov/MARC21/slim http://www.loc.gov/standards/marcxml/schema/MARC21slim.xsd"
    xmlns="http://www.loc.gov/MARC21/slim">

  <leader>01471nam0a22003251  4500</leader>
  <controlfield tag="001">rc\403231</controlfield>
  <controlfield tag="005">20260405060225.0</controlfield>
  <datafield tag="010" ind1=" " ind2=" ">
    <subfield code="a">5-265-00702-4</subfield>
    <subfield code="9">20000</subfield>
  </datafield>
  <datafield tag="035" ind1=" " ind2=" ">
    <subfield code="a">(NLR Aleph) 005651843</subfield>
  </datafield>
  <datafield tag="090" ind1=" " ind2=" ">
    <subfield code="a">6780066</subfield>
    <subfield code="c">6780066</subfield>
  </datafield>
  <datafield tag="100" ind1=" " ind2=" ">
    <subfield code="a">20030616d1989    |||y0rusy50      ca</subfield>
  </datafield>
  <datafield tag="101" ind1="0" ind2=" ">
    <subfield code="a">rus</subfield>
  </datafield>
  <datafield tag="102" ind1=" " ind2=" ">
    <subfield code="a">RU</subfield>
  </datafield>
  <datafield tag="105" ind1=" " ind2=" ">
    <subfield code="a">a   |||||||||</subfield>
  </datafield>
  <datafield tag="200" ind1="1" ind2=" ">
    <subfield code="a">&#x420;&#x435;&#x43F;&#x43B;&#x438;&#x43A;&#x438; &#x432; &#x441;&#x431;&#x43E;&#x440;&#x435;</subfield>
    <subfield code="e">&#x41B;&#x438;&#x442;. &#x43F;&#x430;&#x440;&#x43E;&#x434;&#x438;&#x438;</subfield>
    <subfield code="f">&#x410;&#x43B;&#x435;&#x43A;&#x441;&#x430;&#x43D;&#x434;&#x440; &#x418;&#x432;&#x430;&#x43D;&#x43E;&#x432;</subfield>
  </datafield>
  <datafield tag="210" ind1=" " ind2=" ">
    <subfield code="a">&#x41C;.</subfield>
    <subfield code="c">&#x421;&#x43E;&#x432;. &#x43F;&#x438;&#x441;&#x430;&#x442;&#x435;&#x43B;&#x44C;</subfield>
    <subfield code="d">1989</subfield>
  </datafield>
  <datafield tag="215" ind1=" " ind2=" ">
    <subfield code="a">159, [1] &#x441;.</subfield>
    <subfield code="c">&#x438;&#x43B;.</subfield>
    <subfield code="d">17</subfield>
  </datafield>
  <datafield tag="327" ind1="1" ind2=" ">
    <subfield code="a">&#x421;&#x43E;&#x434;&#x435;&#x440;&#x436;.: &#x426;&#x438;&#x43A;&#x43B;&#x44B;: &#x41C;&#x43D;&#x43E;&#x433;&#x43E;&#x434;&#x443;&#x43C;&#x44C;&#x435;; &#x41B;&#x438;&#x440;&#x438;&#x43A;&#x430; &#x441; &#x438;&#x437;&#x44E;&#x43C;&#x438;&#x43D;&#x43A;&#x43E;&#x439;; &#x41A;&#x430;&#x43A; &#x43F;&#x43E;&#x43A;&#x430;&#x437;&#x430;&#x442;&#x44C; &#x441;&#x442;&#x438;&#x445;&#x438;; &#x422;&#x435;&#x43D;&#x44C; &#x424;&#x43E;&#x440;&#x442;&#x443;&#x43D;&#x44B;; &#x420;&#x43E;&#x43A; &#x43F;&#x440;&#x43E;&#x440;&#x43E;&#x43A;&#x430;; &#x414;&#x435;&#x43B;&#x43E; - &#x442;&#x440;&#x443;&#x431;&#x430;</subfield>
  </datafield>
  <datafield tag="464" ind1=" " ind2="0">
    <subfield code="1">2001#$a&#x41C;&#x43D;&#x43E;&#x433;&#x43E;&#x434;&#x443;&#x43C;&#x44C;&#x435;</subfield>
    <subfield code="t">&#x41C;&#x43D;&#x43E;&#x433;&#x43E;&#x434;&#x443;&#x43C;&#x44C;&#x435;</subfield>
  </datafield>
  <datafield tag="464" ind1=" " ind2="0">
    <subfield code="1">2001#$a&#x41B;&#x438;&#x440;&#x438;&#x43A;&#x430; &#x441; &#x438;&#x437;&#x44E;&#x43C;&#x438;&#x43D;&#x43A;&#x43E;&#x439;</subfield>
    <subfield code="t">&#x41B;&#x438;&#x440;&#x438;&#x43A;&#x430; &#x441; &#x438;&#x437;&#x44E;&#x43C;&#x438;&#x43D;&#x43A;&#x43E;&#x439;</subfield>
  </datafield>
  <datafield tag="464" ind1=" " ind2="0">
    <subfield code="1">2001#$a&#x41A;&#x430;&#x43A; &#x43F;&#x43E;&#x43A;&#x430;&#x437;&#x430;&#x442;&#x44C; &#x441;&#x442;&#x438;&#x445;&#x438;</subfield>
    <subfield code="t">&#x41A;&#x430;&#x43A; &#x43F;&#x43E;&#x43A;&#x430;&#x437;&#x430;&#x442;&#x44C; &#x441;&#x442;&#x438;&#x445;&#x438;</subfield>
  </datafield>
  <datafield tag="464" ind1=" " ind2="0">
    <subfield code="1">2001#$a&#x422;&#x435;&#x43D;&#x44C; &#x424;&#x43E;&#x440;&#x442;&#x443;&#x43D;&#x44B;</subfield>
    <subfield code="t">&#x422;&#x435;&#x43D;&#x44C; &#x424;&#x43E;&#x440;&#x442;&#x443;&#x43D;&#x44B;</subfield>
  </datafield>
  <datafield tag="464" ind1=" " ind2="0">
    <subfield code="1">2001#$a&#x420;&#x43E;&#x43A; &#x43F;&#x440;&#x43E;&#x440;&#x43E;&#x43A;&#x430;</subfield>
    <subfield code="t">&#x420;&#x43E;&#x43A; &#x43F;&#x440;&#x43E;&#x440;&#x43E;&#x43A;&#x430;</subfield>
  </datafield>
  <datafield tag="464" ind1=" " ind2="0">
    <subfield code="1">2001#$a&#x414;&#x435;&#x43B;&#x43E; - &#x442;&#x440;&#x443;&#x431;&#x430;</subfield>
    <subfield code="t">&#x414;&#x435;&#x43B;&#x43E; - &#x442;&#x440;&#x443;&#x431;&#x430;</subfield>
  </datafield>
  <datafield tag="700" ind1=" " ind2="1">
    <subfield code="4">070</subfield>
    <subfield code="8">rus</subfield>
    <subfield code="7">ca</subfield>
    <subfield code="a">&#x418;&#x432;&#x430;&#x43D;&#x43E;&#x432;</subfield>
    <subfield code="c">&#x43F;&#x43E;&#x44D;&#x442;-&#x43F;&#x430;&#x440;&#x43E;&#x434;&#x438;&#x441;&#x442;</subfield>
    <subfield code="b">&#x410;. &#x410;.</subfield>
    <subfield code="f">1936-1996</subfield>
    <subfield code="g">&#x410;&#x43B;&#x435;&#x43A;&#x441;&#x430;&#x43D;&#x434;&#x440; &#x410;&#x43B;&#x435;&#x43A;&#x441;&#x430;&#x43D;&#x434;&#x440;&#x43E;&#x432;&#x438;&#x447;</subfield>
    <subfield code="3">RU\NLR\auth\7719579</subfield>
    <subfield code="9">2651</subfield>
  </datafield>
  <datafield tag="801" ind1=" " ind2="0">
    <subfield code="a">RU</subfield>
    <subfield code="b">NLR</subfield>
    <subfield code="g">psbo</subfield>
  </datafield>
  <datafield tag="801" ind1=" " ind2="1">
    <subfield code="a">RU</subfield>
    <subfield code="b">ELAR</subfield>
    <subfield code="2">rusmarc</subfield>
  </datafield>
  <datafield tag="852" ind1=" " ind2=" ">
    <subfield code="a">NLR</subfield>
    <subfield code="j">89-2/838</subfield>
  </datafield>
  <datafield tag="942" ind1=" " ind2=" ">
    <subfield code="c">BOOK</subfield>
  </datafield>
  <datafield tag="980" ind1=" " ind2=" ">
    <subfield code="a">NB</subfield>
  </datafield>
  <datafield tag="995" ind1=" " ind2=" ">
    <subfield code="5">2013-10-26</subfield>
    <subfield code="b">NLR01</subfield>
    <subfield code="c">NLR01</subfield>
    <subfield code="e">RF9</subfield>
    <subfield code="f">1-1732981</subfield>
    <subfield code="k">89-2/838</subfield>
    <subfield code="o">0</subfield>
    <subfield code="r">BOOK</subfield>
    <subfield code="s">892838_</subfield>
  </datafield>
  <datafield tag="995" ind1=" " ind2=" ">
    <subfield code="5">2014-03-31</subfield>
    <subfield code="a">az</subfield>
    <subfield code="b">NLR02</subfield>
    <subfield code="c">NLR02</subfield>
    <subfield code="e">NZ2</subfield>
    <subfield code="f">1-456247</subfield>
    <subfield code="k">&#x41D;&#x437;  &#x428;6(2=&#x420;)7/&#x418;-200</subfield>
    <subfield code="o">0</subfield>
    <subfield code="r">BOOK</subfield>
    <subfield code="s">_627200</subfield>
  </datafield>
  <datafield tag="995" ind1=" " ind2=" ">
    <subfield code="5">2015-06-10</subfield>
    <subfield code="a">au</subfield>
    <subfield code="b">NLR03</subfield>
    <subfield code="c">NLR03</subfield>
    <subfield code="e">UJZ</subfield>
    <subfield code="f">1-998728</subfield>
    <subfield code="k">&#x42E; &#x41F;(&#x441;)/&#x418;-20</subfield>
    <subfield code="o">0</subfield>
    <subfield code="r">BOOK</subfield>
    <subfield code="s">_20</subfield>
  </datafield>
</record>
